[Event "FIDE World Rapid Team"]
[Site "Almaty KAZ"]
[Date "2024.08.03"]
[Round "5.38"]
[White "Shevchenko, Alexandr"]
[Black "Prokoptsov, Mikhail"]
[Result "0-1"]
[WhiteElo "1814"]
[BlackElo "1702"]
[WhiteTeam "VKO Team"]
[BlackTeam "Chessacademy_pvl"]
[WhiteFideId "13756478"]
[BlackFideId "447005122"]
[EventDate "2024.08.02"]

1. e4 e6 2. d4 d5 3. Nc3 dxe4 4. Nxe4 Nf6 5. Nxf6+ Qxf6 6. Nf3 h6 7. Bc4 Nc6 8.
O-O Be7 9. Re1 O-O 10. Ne5 Rd8 11. Nxc6 bxc6 12. c3 c5 13. Be3 Bb7 14. Qe2 Qf5
15. Bd3 Qd5 16. f3 cxd4 17. Be4 Qa5 18. Bxb7 Rab8 19. b4 Qb6 20. Bxd4 Qxb7 21.
Qe4 Qxe4 22. Rxe4 a6 23. Rae1 Rd7 24. Rg4 Bf8 25. Rge4 Rbd8 26. Kf2 Bxb4 27.
Bxg7 Bc5+ 28. Bd4 Bxd4+ 29. cxd4 Rxd4 30. R4e2 c5 31. Rc1 Rc8 32. Rec2 Rd5 33.
Ke3 Kf8 34. Rc4 Ke7 35. Rh4 h5 36. Ra4 Rc6 37. g4 hxg4 38. fxg4 Kd6 39. h4 Rd4
40. Rcc4 e5 41. Rxd4+ exd4+ 42. Ke4 c4 43. h5 d3 44. Ke3 c3 45. Rd4+ Ke7 46.
Re4+ Kf6 47. Kxd3 c2 48. Rf4+ Kg7 49. Rf1 c1=Q 50. Rxc1 Rxc1 51. Ke3 Ra1 52. Kf4
Rxa2 53. g5 Ra4+ 54. Kf5 Ra5+ 55. Kf4 f6 56. gxf6+ Kxf6 57. h6 Kg6 58. h7 Kxh7 0-1

[Event "FIDE World Rapid Team"]
[Site "Almaty KAZ"]
[Date "2024.08.03"]
[Round "5.39"]
[White "Derksen, Vadim"]
[Black "Sadybekov, Adilzhan"]
[Result "1-0"]
[WhiteElo "1735"]
[BlackElo "1674"]
[WhiteTeam "Chessacademy_pvl"]
[BlackTeam "VKO Team"]
[WhiteFideId "13737244"]
[BlackFideId "13764799"]
[EventDate "2024.08.02"]

1. e4 e6 2. d4 d5 3. Nd2 c5 4. exd5 Qxd5 5. Ngf3 cxd4 6. Bc4 Qd6 7. O-O Nc6 8.
Nb3 Nf6 9. Nfxd4 Nxd4 10. Qxd4 Bd7 11. Be3 Qxd4 12. Bxd4 Be7 13. Rad1 Rc8 14.
Bd3 Bc6 15. c3 O-O 16. Rfe1 Rfd8 17. Bxa7 Nd5 18. Bd4 Ra8 19. Bb1 Nf4 20. f3 Bb5
21. Kf2 f6 22. g3 Nh3+ 23. Kg2 Ng5 24. h4 Nf7 25. Rxe6 Rd7 26. Rde1 Kf8 27. Rxe7
Rxe7 28. Bc5 Ne5 29. Bxe7+ Kxe7 30. f4 Bc6+ 31. Kf2 Kd6 32. fxe5+ fxe5 33. Rd1+
Ke7 34. Ke3 Rf8 35. Be4 Ba4 36. Bxb7 g5 37. hxg5 Rf5 38. Rh1 Rxg5 39. Nc5 Bb5
40. Rxh7+ Kf8 41. Ne4 Rg6 42. Bd5 Ba4 43. b3 Bb5 44. c4 Be8 45. c5 Ra6 46. a4
Bg6 47. Rh8+ Ke7 48. Nd6 Ra5 49. Nb7 Ra6 50. c6 Be8 51. c7 Kd7 52. Rxe8 Kxc7 53.
Rxe5 Rg6 54. Kf4 Kb6 55. Re6+ 1-0

[Event "FIDE World Rapid Team"]
[Site "Almaty KAZ"]
[Date "2024.08.03"]
[Round "5.40"]
[White "Serikov, Merey"]
[Black "Ivlev, Andrey"]
[Result "0-1"]
[WhiteElo "1616"]
[BlackElo "1578"]
[WhiteTeam "VKO Team"]
[BlackTeam "Chessacademy_pvl"]
[WhiteFideId "13734067"]
[BlackFideId "13747991"]
[EventDate "2024.08.02"]

1. d4 d5 2. c4 c6 3. Nc3 Nf6 4. Nf3 Bf5 5. cxd5 Nxd5 6. Qb3 Nb6 7. e4 Bg6 8. Be3
e6 9. a4 Qc7 10. Rc1 Qe7 11. Ne5 Qb4 12. Qxb4 Bxb4 13. Ra1 Bxe4 14. f3 Bg6 15.
Nxg6 hxg6 16. Bd3 N8d7 17. O-O Bd6 18. h3 Nf6 19. Rab1 Nfd5 20. Ne4 Nxe3 21.
Nxd6+ Ke7 22. Nxf7 Kxf7 23. Rfe1 Ned5 24. a5 Nd7 25. b4 a6 26. Re4 Nc3 27. Rf4+
Ke7 28. Re1 Nf8 29. Rg4 Rh6 30. f4 Kf7 31. Bc4 Nd5 32. Bxd5 exd5 33. Rf1 Re8 34.
f5 gxf5 35. Rxf5+ Rf6 36. Rfg5 Ne6 37. Re5 Nc7 38. Reg5 Rg8 39. h4 Ne6 40. Re5
Nc7 41. h5 Rh8 42. Reg5 Ne6 43. Re5 Rhh6 44. g3 g6 45. hxg6+ Rhxg6 46. Rxg6 Rxg6
47. Kf2 Nxd4 48. Rh5 Ne6 49. Kf3 Rf6+ 50. Ke3 Rg6 51. Kf3 Nd4+ 52. Kf4 Ne2+ 53.
Kf3 Nd4+ 54. Kf4 Kf6 55. Rh7 Rg7 56. Rh6+ Ke7 57. g4 Ne6+ 58. Ke5 Rg5# 0-1

[Event "FIDE World Rapid Team"]
[Site "Almaty KAZ"]
[Date "2024.08.03"]
[Round "5.41"]
[White "Semenov, Miroslav"]
[Black "Tulekenova, Aiza"]
[Result "0-1"]
[WhiteElo "1512"]
[BlackElo "1581"]
[WhiteTeam "Chessacademy_pvl"]
[BlackTeam "VKO Team"]
[WhiteFideId "447010525"]
[BlackFideId "13763881"]
[EventDate "2024.08.02"]

1. e4 c5 2. Nf3 d6 3. d4 cxd4 4. c3 dxc3 5. Nxc3 Nc6 6. Bc4 e6 7. O-O Nge7 8.
Re1 Ng6 9. Be3 Be7 10. Qd2 O-O 11. Rad1 a6 12. a3 b5 13. Ba2 Bb7 14. Ng5 h6 15.
Nh3 Kh7 16. f4 Na5 17. f5 exf5 18. exf5 Ne5 19. Bb1 f6 20. Qe2 Nac4 21. Nf4 Qc8
22. Ne6 Rg8 23. Qh5 Qc6 24. Qh3 Bd8 25. Rd4 Nxe3 26. Nxd8 Raxd8 27. Rxe3 Qb6 28.
Ree4 Bxe4 29. Qe3 Bxb1 30. Nd5 Qc5 31. Ne7 Rge8 32. Ng6 Nc6 0-1

[Event "FIDE World Rapid Team"]
[Site "Almaty KAZ"]
[Date "2024.08.03"]
[Round "5.42"]
[White "Niyazbek, Nurtileu"]
[Black "Sembay, Aisana"]
[Result "1-0"]
[WhiteElo "1578"]
[BlackElo "1527"]
[WhiteTeam "VKO Team"]
[BlackTeam "Chessacademy_pvl"]
[WhiteFideId "13765337"]
[BlackFideId "13791281"]
[EventDate "2024.08.02"]

1. e4 c5 2. Nf3 d6 3. d4 cxd4 4. Nxd4 Nf6 5. Nc3 g6 6. f3 Bg7 7. Be3 Nc6 8. Bc4
Bd7 9. Qd2 Rc8 10. Bb3 O-O 11. O-O-O a6 12. g4 Qa5 13. h4 h5 14. Rdg1 b5 15.
gxh5 Nxh5 16. Rxg6 Kh7 17. Rg5 Nf6 18. Rhg1 Bh6 19. R5g2 Bxe3 20. Qxe3 Rg8 21.
Bxf7 Rxg2 22. Rxg2 Nxd4 23. Rg6 Ng8 24. Qxd4 1-0

[Event "FIDE World Rapid Team"]
[Site "Almaty KAZ"]
[Date "2024.08.03"]
[Round "5.43"]
[White "Dosov, Nurlan"]
[Black "Serikgali Daulet"]
[Result "1-0"]
[WhiteTitle "FM"]
[WhiteElo "2153"]
[BlackElo "1571"]
[WhiteTeam "Baiterekchess"]
[BlackTeam "Abai's Gambit Pioneers"]
[WhiteFideId "13701320"]
[BlackFideId "13780468"]
[EventDate "2024.08.02"]

1. d4 d5 2. Nf3 Nf6 3. c4 c6 4. Qb3 Nbd7 5. cxd5 cxd5 6. Nc3 e6 7. Bf4 Be7 8. h3
O-O 9. e3 Qb6 10. Qc2 Ne4 11. Bd3 Ndf6 12. Ne5 Nxc3 13. bxc3 h6 14. g4 Bd7 15.
h4 Bb5 16. g5 Bxd3 17. Qxd3 Ne4 18. O-O hxg5 19. hxg5 Qd8 20. f3 Nxg5 21. Kg2 f5
22. Rh1 Nh7 23. Rh3 g5 24. Rah1 Nf6 25. Bxg5 Kg7 26. Rg3 Rg8 27. Bxf6+ Kf8 28.
Rxg8+ Kxg8 29. Rh8# 1-0

[Event "FIDE World Rapid Team"]
[Site "Almaty KAZ"]
[Date "2024.08.03"]
[Round "5.44"]
[White "Almazuly, Azamat"]
[Black "Tulegenov, Amir"]
[Result "1-0"]
[WhiteElo "1720"]
[BlackElo "1858"]
[WhiteTeam "Abai's Gambit Pioneers"]
[BlackTeam "Baiterekchess"]
[WhiteFideId "447002646"]
[BlackFideId "13742167"]
[EventDate "2024.08.02"]

1. d4 Nf6 2. Nf3 g6 3. c4 Bg7 4. Nc3 d5 5. cxd5 Nxd5 6. e4 Nxc3 7. bxc3 O-O 8.
Be2 c5 9. Be3 Qa5 10. O-O Qxc3 11. Rc1 Qa3 12. Rxc5 Na6 13. Rc2 Bd7 14. Qc1 Qa5
15. Qb1 Rab8 16. Rfc1 Ba4 17. Rc3 b5 18. a3 Qb6 19. Rc6 Qb7 20. d5 Rfc8 21.
Rxc8+ Rxc8 22. Rxc8+ Qxc8 23. Bxb5 Bxb5 24. Qxb5 Nb8 25. h3 a6 26. Qb6 Nd7 27.
Qc6 Qd8 28. Qxa6 Nf6 29. Qc4 Bf8 30. Ne5 Qa5 31. a4 Qe1+ 32. Kh2 Qa1 33. Bd4 Qd1
34. d6 e6 35. d7 Be7 36. Qc8+ 1-0

[Event "FIDE World Rapid Team"]
[Site "Almaty KAZ"]
[Date "2024.08.03"]
[Round "5.45"]
[White "Primbetov, Nurassyl"]
[Black "Kalikhan, Abilmansur"]
[Result "1/2-1/2"]
[WhiteElo "1784"]
[BlackElo "1670"]
[WhiteTeam "Baiterekchess"]
[BlackTeam "Abai's Gambit Pioneers"]
[WhiteFideId "447010193"]
[BlackFideId "447010908"]
[EventDate "2024.08.02"]

1. e4 e6 2. d4 d5 3. Nc3 Nf6 4. e5 Nfd7 5. f4 c5 6. Nf3 Nc6 7. Be3 Qb6 8. a3
cxd4 9. Nxd4 Nxd4 10. Bxd4 Bc5 11. Na4 Qa5+ 12. c3 Bxd4 13. Qxd4 O-O 14. Bd3 b5
15. Nc5 Nxc5 16. Qxc5 Bd7 17. O-O Qa4 18. Qc7 Rfd8 19. Qc5 Rac8 20. Qf2 g6 21.
Bc2 Qc4 22. Rfd1 Be8 23. Rd4 Qc5 24. a4 bxa4 25. Bxa4 Bxa4 26. Rdxa4 Qxf2+ 27.
Kxf2 Rb8 28. R1a2 Rd7 29. Ke3 Rdb7 30. b4 Rc8 31. Kd3 Rcc7 1/2-1/2

[Event "FIDE World Rapid Team"]
[Site "Almaty KAZ"]
[Date "2024.08.03"]
[Round "5.46"]
[White "Raipov, Alinur"]
[Black "Omarbek, Adlet"]
[Result "0-1"]
[WhiteElo "1504"]
[BlackElo "1713"]
[WhiteTeam "Abai's Gambit Pioneers"]
[BlackTeam "Baiterekchess"]
[WhiteFideId "13763814"]
[BlackFideId "13779842"]
[EventDate "2024.08.02"]

1. e4 c5 2. Nc3 e6 3. g3 Nc6 4. Bg2 d6 5. Nge2 g6 6. d3 Bg7 7. O-O Nge7 8. f4
O-O 9. Be3 a6 10. d4 cxd4 11. Nxd4 Qc7 12. a3 b5 13. g4 Nxd4 14. Bxd4 e5 15.
fxe5 dxe5 16. Be3 Be6 17. h4 Rad8 18. Qf3 h6 19. g5 h5 20. Bh3 Bxh3 21. Qxh3 a5
22. Qf3 b4 23. axb4 axb4 24. Ra7 Qc4 25. Rxe7 bxc3 26. b3 Qc6 27. Rxf7 Qe6 28.
Rxf8+ Rxf8 29. Qg2 Rd8 30. Qg3 Qc6 31. Qg2 Qe6 32. Kh2 Qd7 33. Qe2 Qc6 34. Qc4+
Qxc4 35. bxc4 Bf8 36. Rf6 Kg7 37. Re6 Rc8 38. Rxe5 Bd6 39. Bd4 Rxc4 0-1

[Event "FIDE World Rapid Team"]
[Site "Almaty KAZ"]
[Date "2024.08.03"]
[Round "5.47"]
[White "Shakhman, Asanali"]
[Black "Kiribayeva, Togzhan"]
[Result "0-1"]
[WhiteElo "1537"]
[BlackElo "1544"]
[WhiteTeam "Baiterekchess"]
[BlackTeam "Abai's Gambit Pioneers"]
[WhiteFideId "447018860"]
[BlackFideId "13739263"]
[EventDate "2024.08.02"]

1. e4 c5 2. c4 Nc6 3. Nc3 g6 4. g3 Bg7 5. Bg2 Nf6 6. Nge2 O-O 7. O-O d6 8. a3
Bg4 9. h3 Bxe2 10. Nxe2 Qb6 11. Rb1 Rfd8 12. Kh2 e6 13. Nc3 Nd4 14. d3 a6 15.
Be3 Nc6 16. f4 Qc7 17. b4 cxb4 18. axb4 Ne7 19. b5 d5 20. bxa6 Rxa6 21. Nb5 Qb8
22. cxd5 exd5 23. e5 Ne8 24. d4 Nf5 25. Bd2 Nc7 26. Bc1 Nxb5 27. Rxb5 Qa7 28.
Bxd5 Rd7 29. e6 fxe6 30. Bc4 Bxd4 31. Qb3 Kg7 32. Bxe6 Re7 33. Bc4 Nd6 34. Rd5
Nxc4 35. Qxc4 Ra4 36. Qd3 Bf6 37. Bd2 Rae4 38. Rd7 Rxd7 39. Qxd7+ Re7 40. Qd3
Qc5 41. Rc1 Qf2+ 42. Kh1 Re2 43. Rc7+ Kh6 44. f5+ g5 45. Bxg5+ Kxg5 46. h4+ Kh6
47. Rxh7+ Kxh7 48. Qd7+ Re7 0-1

[Event "FIDE World Rapid Team"]
[Site "Almaty KAZ"]
[Date "2024.08.03"]
[Round "5.48"]
[White "Amangaliyev, Dauletkhan"]
[Black "Zhankarayeva, Zhansaya"]
[Result "1-0"]
[WhiteElo "1531"]
[BlackElo "1402"]
[WhiteTeam "Abai's Gambit Pioneers"]
[BlackTeam "Baiterekchess"]
[WhiteFideId "447022361"]
[BlackFideId "13781804"]
[EventDate "2024.08.02"]

1. e4 c5 2. Nf3 e6 3. d4 cxd4 4. Nxd4 a6 5. Nc3 Qc7 6. Be2 b5 7. O-O Bb7 8. a3
Nf6 9. Bd3 Be7 10. Re1 O-O 11. e5 Nd5 12. Nxd5 Bxd5 13. Re3 Nc6 14. Bxh7+ Kxh7
15. Qh5+ Kg8 16. Rh3 f6 17. Nxc6 Bxc6 18. Qh7+ Kf7 19. Bh6 Ke8 20. Bxg7 Rf7 21.
Qg6 Qxe5 22. Rh8+ Bf8 23. Rxf8+ Ke7 24. Qxf7+ Kd6 25. Rxa8 Qd5 26. Qf8+ Ke5 27.
Qxf6+ Kd6 28. Bf8+ Kc7 29. Qd8+ Kb7 30. Rb8+ Ka7 31. Qb6# 1-0

[Event "FIDE World Rapid Team"]
[Site "Almaty KAZ"]
[Date "2024.08.03"]
[Round "6.3"]
[White "Agibileg, Uurtsaikh"]
[Black "Praggnanandhaa, R"]
[Result "0-1"]
[WhiteTitle "IM"]
[BlackTitle "GM"]
[WhiteElo "2411"]
[BlackElo "2749"]
[WhiteTeam "Hunnu Air"]
[BlackTeam "WR Chess Team"]
[WhiteFideId "4901606"]
[BlackFideId "25059530"]
[EventDate "2024.08.02"]

1. d4 Nf6 2. c4 e6 3. Nc3 Bb4 4. Qc2 Nc6 5. Nf3 d6 6. Bd2 O-O 7. e3 e5 8. a3
exd4 9. exd4 Re8+ 10. Be2 Bxc3 11. Bxc3 Qe7 12. d5 Bf5 13. Qd1 Nh5 14. dxc6 Nf4
15. Ng1 Bd3 16. cxb7 Rab8 17. Kd2 Bxe2 18. Nxe2 Qxe2+ 19. Qxe2 Rxe2+ 20. Kd1
Rxf2 21. Re1 Rxg2 22. c5 dxc5 23. Re7 Ne6 24. Rd7 Rxb7 25. Rc1 Rxh2 26. b4 cxb4
27. Bxb4 h6 28. Rc6 a5 29. Bd2 Rb2 30. Kc1 Ra2 0-1

[Event "FIDE World Rapid Team"]
[Site "Almaty KAZ"]
[Date "2024.08.03"]
[Round "6.5"]
[White "Mungunzul, Bat-Erdene"]
[Black "Hou, Yifan"]
[Result "0-1"]
[WhiteTitle "WCM"]
[BlackTitle "GM"]
[WhiteElo "2224"]
[BlackElo "2633"]
[WhiteTeam "Hunnu Air"]
[BlackTeam "WR Chess Team"]
[WhiteFideId "4902831"]
[BlackFideId "8602980"]
[EventDate "2024.08.02"]

1. d4 e6 2. c4 b6 3. Nc3 Bb4 4. Qc2 Bb7 5. e4 Qh4 6. d5 Nf6 7. Bd3 exd5 8. cxd5
Ba6 9. e5 Nxd5 10. Nf3 Qg4 11. O-O Nxc3 12. bxc3 Bxd3 13. Qxd3 Be7 14. Nd4 Nc6
15. f4 Bc5 16. Be3 O-O 17. Qe4 Rae8 18. Rf3 Rxe5 19. Qd3 Bxd4 20. cxd4 Qf5 21.
Qc3 Re4 22. Rd1 Ne7 23. Qxc7 Nd5 24. Qc1 Rfe8 25. Rd3 h6 26. Qd2 Nxe3 27. Rdxe3
Rxe3 28. Rxe3 Rxe3 29. Qxe3 Qb1+ 30. Kf2 Qxa2+ 31. Kg3 Qe6 32. Qc3 a5 33. h3 a4
34. Kh2 b5 35. Qc8+ Kh7 36. Qc2+ Qg6 37. Qc5 Qc6 38. Qf5+ Kg8 39. Qe5 d6 40. Qe3
b4 41. f5 a3 42. Qg3 Kf8 43. Qh4 f6 44. d5 Qc3 45. Qf2 Qe5+ 46. g3 Qb2 0-1

[Event "FIDE World Rapid Team"]
[Site "Almaty KAZ"]
[Date "2024.08.03"]
[Round "6.8"]
[White "Maghsoodloo, Parham"]
[Black "Van Foreest, Jorden"]
[Result "1-0"]
[WhiteTitle "GM"]
[BlackTitle "GM"]
[WhiteElo "2723"]
[BlackElo "2696"]
[WhiteTeam "Al-Ain ACMG UAE"]
[BlackTeam "Chessy"]
[WhiteFideId "12539929"]
[BlackFideId "1039784"]
[EventDate "2024.08.02"]

1. d4 d5 2. c4 c6 3. e3 Nf6 4. Nc3 Bf5 5. f3 h5 6. Bd3 Bxd3 7. Qxd3 dxc4 8. Qxc4
b5 9. Qb3 e6 10. Nge2 Be7 11. e4 Nbd7 12. e5 Ng8 13. O-O Nh6 14. Bxh6 Rxh6 15.
f4 g6 16. a4 a6 17. a5 Kf8 18. Ne4 Kg7 19. Qc3 Rc8 20. b4 h4 21. h3 Qf8 22. Nc5
Nxc5 23. dxc5 Rd8 24. Rad1 Rd5 25. Qf3 Rh5 26. Nc3 Rf5 27. Ne4 g5 28. Qg4 Rxd1
29. Qxd1 gxf4 30. Nd6 Rxe5 31. Qd4 f6 32. Rxf4 Rg5 33. Rxh4 Rg6 34. Rg4 Bxd6 35.
cxd6 Rxg4 36. Qxg4+ Kf7 37. Qh5+ Kg7 38. Qc5 Qh8 39. Qa7+ Kg6 40. d7 Qd8 41. Qb7
Kf7 42. h4 Ke7 43. h5 c5 44. bxc5 b4 45. c6 1-0

[Event "FIDE World Rapid Team"]
[Site "Almaty KAZ"]
[Date "2024.08.03"]
[Round "6.9"]
[White "Vidit, Santosh Gujrathi"]
[Black "Artemiev, Vladislav"]
[Result "1/2-1/2"]
[WhiteTitle "GM"]
[BlackTitle "GM"]
[WhiteElo "2720"]
[BlackElo "2699"]
[WhiteTeam "Chessy"]
[BlackTeam "Al-Ain ACMG UAE"]
[WhiteFideId "5029465"]
[BlackFideId "24101605"]
[EventDate "2024.08.02"]

1. d4 Nf6 2. c4 e6 3. Nf3 d5 4. Nc3 Nbd7 5. Bf4 Bb4 6. cxd5 Nxd5 7. Bd2 N5f6 8.
Rc1 O-O 9. g3 b6 10. Bg2 Bb7 11. O-O c5 12. a3 Bxc3 13. Bxc3 Rc8 14. dxc5 Nxc5
15. Be5 Qxd1 16. Rfxd1 Nb3 17. Rxc8 Rxc8 18. Ne1 Ba6 19. Bf3 Nd5 20. g4 f6 21.
Bg3 Rc1 22. e3 Bc4 23. Rxc1 Nxc1 24. Bb8 a6 25. h4 Kf7 26. Kg2 Nb3 27. Ba7 Nd2
28. Kg3 e5 29. Bxd5+ Bxd5 30. Bxb6 Nc4 31. Bc5 Nxb2 32. f3 e4 33. f4 Nd3 34.
Nxd3 exd3 35. Bb4 f5 36. g5 Be4 37. Kf2 h5 38. Ke1 g6 39. Kd2 Ke6 40. Kc3 Kd5
41. Be7 Kc6 42. Bf8 1/2-1/2

[Event "FIDE World Rapid Team"]
[Site "Almaty KAZ"]
[Date "2024.08.03"]
[Round "6.10"]
[White "Andreikin, Dmitry"]
[Black "Sarana, Alexey"]
[Result "1/2-1/2"]
[WhiteTitle "GM"]
[BlackTitle "GM"]
[WhiteElo "2729"]
[BlackElo "2717"]
[WhiteTeam "Al-Ain ACMG UAE"]
[BlackTeam "Chessy"]
[WhiteFideId "4158814"]
[BlackFideId "24133795"]
[EventDate "2024.08.02"]

1. Nf3 d5 2. g3 g6 3. Bg2 Bg7 4. d4 c6 5. O-O Nf6 6. Nbd2 O-O 7. Re1 Bf5 8. c3
Nbd7 9. Nh4 Be6 10. e4 dxe4 11. Nxe4 Bd5 12. Nxf6+ Nxf6 13. Bg5 Re8 14. Re2 h6
15. Bxf6 Bxf6 1/2-1/2

[Event "FIDE World Rapid Team"]
[Site "Almaty KAZ"]
[Date "2024.08.03"]
[Round "6.11"]
[White "Koneru, Humpy"]
[Black "Zhu, Jiner"]
[Result "1/2-1/2"]
[WhiteTitle "GM"]
[BlackTitle "GM"]
[WhiteElo "2530"]
[BlackElo "2479"]
[WhiteTeam "Chessy"]
[BlackTeam "Al-Ain ACMG UAE"]
[WhiteFideId "5008123"]
[BlackFideId "8608059"]
[EventDate "2024.08.02"]

1. Nf3 Nf6 2. c4 e6 3. d4 d5 4. Nc3 Bb4 5. Bg5 dxc4 6. e4 b5 7. a4 c5 8. axb5
cxd4 9. Nxd4 h6 10. Bxf6 Qxf6 11. Bxc4 O-O 12. O-O Bb7 13. Qb3 Bc5 14. Nf3 Nd7
15. Rad1 Rfd8 16. Qc2 g5 17. Na4 Bb4 18. Qb3 Bf8 19. Qe3 g4 20. Nd4 Ne5 21. Be2
Qg6 22. Nc6 Nxc6 23. bxc6 Bxc6 24. Nc3 Bg7 25. Qg3 Bxc3 26. bxc3 Bxe4 27. Bxg4
a5 28. Bf3 Qxg3 29. hxg3 Bxf3 30. Rxd8+ Rxd8 31. gxf3 Rd3 32. Ra1 Rxc3 33. Rxa5
Rxf3 34. Kg2 Rb3 35. g4 Kg7 36. f3 Kg6 37. Kg3 Rd3 38. Kf4 Rd1 39. Rb5 f6 40.
Rb8 e5+ 41. Ke3 Ra1 42. Rg8+ Kf7 43. Rh8 Kg7 44. Rb8 Ra3+ 45. Ke4 Ra4+ 46. Ke3
Kg6 47. Rg8+ Kf7 48. Rh8 Kg7 49. Rb8 h5 50. gxh5 Rh4 51. Rb7+ Kh6 52. Rf7 Rf4
53. Rf8 Kxh5 54. Rg8 Kh6 55. Rg1 Ra4 56. Rg8 Kh7 57. Rg1 Rh4 58. Rg2 Rd4 59. Rg1
Rb4 60. Rg2 Kh6 61. Rg8 Rf4 62. Rg1 Kh5 63. Rg8 Kh4 64. Rg7 Rf5 65. Ke4 Rf4+ 66.
Ke3 Kh5 67. Rg8 Rb4 68. Rg7 Kh6 69. Rg8 f5 70. Re8 Rb5 71. Rg8 Rb3+ 72. Kf2 Rb2+
73. Ke3 Kh5 74. Re8 Rb5 75. Rg8 Kh4 76. Rg7 Kh3 77. Rg5 f4+ 78. Ke4 Kh4 79. Rg4+
Kh5 80. Rg8 Kh4 81. Rg4+ Kh5 82. Rg8 Kh4 83. Rg4+ 1/2-1/2

[Event "FIDE World Rapid Team"]
[Site "Almaty KAZ"]
[Date "2024.08.03"]
[Round "6.12"]
[White "Al Maamari, Wafia Darwish"]
[Black "Ainakul, Mukhtar"]
[Result "0-1"]
[WhiteTitle "WFM"]
[WhiteElo "1925"]
[BlackElo "1935"]
[WhiteTeam "Al-Ain ACMG UAE"]
[BlackTeam "Chessy"]
[WhiteFideId "9305734"]
[BlackFideId "13727354"]
[EventDate "2024.08.02"]

1. Nf3 d5 2. b3 c5 3. e3 a6 4. Bb2 Nc6 5. d4 cxd4 6. Nxd4 e6 7. g3 Nf6 8. Bg2
Be7 9. O-O O-O 10. Nd2 Bd7 11. c4 Rc8 12. cxd5 Nxd5 13. Nxc6 Bxc6 14. Ne4 f5 15.
Nd2 Bf6 16. Bxf6 Qxf6 17. Nc4 Rfd8 18. Qh5 Be8 19. Qe2 b5 20. Bxd5 exd5 21. Nb2
b4 22. Rfc1 Bb5 23. Qd2 Rc3 24. Nd1 Rd3 25. Qc2 d4 26. Qc5 Qe6 27. Nb2 Rd2 28.
Nc4 dxe3 29. Nxe3 f4 30. Nc4 Re2 31. Qg5 Rf8 32. gxf4 Rf6 33. Kf1 Re4 34. f5
Rxf5 35. Qd8+ Rf8 36. Qd3 Ref4 37. Rc2 Rf3 38. Qd2 Qh3+ 39. Kg1 R3f6 40. Qd5+
Kh8 41. Ne3 Rg6+ 42. Kh1 Rh6 43. Qg2 Qh5 44. Rac1 Be2 45. Rc8 Rf6 46. Rxf8+ Rxf8
47. Kg1 h6 48. Rc7 Qe5 49. Rc1 Qb2 50. Qc6 Bf3 51. Qc2 Qe5 52. Qc5 Qf4 53. Ng2
Qf7 54. Nh4 Be4 55. Qe3 Re8 56. Qg3 Rd8 57. f3 Bh7 58. Qc7 Qf6 59. Ng2 Qd4+ 60.
Kh1 Rf8 61. Qc5 Qxc5 62. Rxc5 Rxf3 63. Rc8+ Bg8 64. Nh4 Rf2 65. Rb8 Kh7 66. Rxb4
Rxa2 67. Nf5 Bd5+ 68. Kg1 Rg2+ 69. Kf1 Rxh2 70. Rb6 Rh3 71. Ke2 Rxb3 72. Rd6 Be4
73. Nd4 Rg3 74. Ne6 a5 75. Kf2 Rf3+ 76. Ke2 Rf6 77. Ra6 Bd5 0-1

[Event "FIDE World Rapid Team"]
[Site "Almaty KAZ"]
[Date "2024.08.03"]
[Round "6.15"]
[White "Yu, Yangyi"]
[Black "Sadhwani, Raunak"]
[Result "1-0"]
[WhiteTitle "GM"]
[BlackTitle "GM"]
[WhiteElo "2703"]
[BlackElo "2653"]
[WhiteTeam "Decade China Team"]
[BlackTeam "Team MGD1"]
[WhiteFideId "8603820"]
[BlackFideId "35093487"]
[EventDate "2024.08.02"]

1. d4 Nf6 2. c4 e6 3. Nc3 d5 4. cxd5 exd5 5. Bg5 c6 6. e3 h6 7. Bh4 Be7 8. Bd3
O-O 9. Nge2 Re8 10. O-O Nh5 11. Bxe7 Qxe7 12. Qd2 Qg5 13. Nf4 Bf5 14. h4 Qxh4
15. Bxf5 Nf6 16. Rae1 g6 17. Bh3 h5 18. Re2 b5 19. Rfe1 b4 20. Na4 Na6 21. Qc2 1-0

[Event "FIDE World Rapid Team"]
[Site "Almaty KAZ"]
[Date "2024.08.03"]
[Round "6.16"]
[White "Pranav, V"]
[Black "Xu, Xiangyu"]
[Result "1/2-1/2"]
[WhiteTitle "GM"]
[BlackTitle "GM"]
[WhiteElo "2598"]
[BlackElo "2628"]
[WhiteTeam "Team MGD1"]
[BlackTeam "Decade China Team"]
[WhiteFideId "25060783"]
[BlackFideId "8608288"]
[EventDate "2024.08.02"]

1. e4 c5 2. Nf3 g6 3. d4 cxd4 4. Nxd4 Bg7 5. Nc3 Nc6 6. Be3 Nf6 7. Be2 O-O 8.
O-O d6 9. h3 Bd7 10. Re1 Rc8 11. Qd2 Re8 12. Bf1 Ne5 13. Bh6 Qb6 14. Bxg7 Kxg7
15. Rab1 Nc4 16. Bxc4 Rxc4 17. Nf3 Rec8 18. Qe2 Be6 19. Ng5 R8c5 20. Qe3 h6 21.
Nf3 Rc8 22. Qd3 Nd7 23. Nd2 Rd4 24. Qe2 Ne5 25. Nb3 Rdc4 26. Kh1 g5 27. Qd2 a5
28. Red1 a4 29. Nd4 a3 30. Nd5 Bxd5 31. Nf5+ Kf6 32. bxa3 Qc5 33. Qxd5 Qxd5 34.
Rxd5 Rxc2 35. Rxb7 Rxf2 36. Nxe7 Rc1+ 37. Kh2 Ke6 38. Ng8 Nc6 39. Rf5 Rxa2 40.
Rfxf7 Ke5 41. Rb5+ Kxe4 42. Nf6+ Kd3 43. Rd5+ Nd4 44. Ng4 Re1 45. Rxd6 Ree2 46.
Rf3+ Ke4 47. Nf6+ Ke5 48. Rd5+ Ke6 49. Rxd4 Rxg2+ 50. Kh1 Rh2+ 51. Kg1 Rag2+ 52.
Kf1 Rc2 53. Re4+ Kd6 54. Rd3+ Kc6 55. Re6+ Kb5 56. Kg1 Rcg2+ 57. Kf1 Rc2 58.
Rd5+ Ka4 59. Rd4+ Kb3 60. Kg1 Rcg2+ 61. Kf1 Rc2 62. Kg1 Rcg2+ 63. Kf1 Rc2 64.
Kg1 1/2-1/2

[Event "FIDE World Rapid Team"]
[Site "Almaty KAZ"]
[Date "2024.08.03"]
[Round "6.17"]
[White "Ju, Wenjun"]
[Black "Dronavalli, Harika"]
[Result "1/2-1/2"]
[WhiteTitle "GM"]
[BlackTitle "GM"]
[WhiteElo "2563"]
[BlackElo "2502"]
[WhiteTeam "Decade China Team"]
[BlackTeam "Team MGD1"]
[WhiteFideId "8603006"]
[BlackFideId "5015197"]
[EventDate "2024.08.02"]

1. d4 d5 2. c4 e6 3. Nf3 Nf6 4. Nc3 Nbd7 5. Bf4 dxc4 6. e3 b5 7. Nxb5 Bb4+ 8.
Nc3 Nd5 9. a3 Nxc3 10. Qd2 Bxa3 11. bxa3 Nd5 12. Bxc4 Nxf4 13. exf4 O-O 14. O-O
Bb7 15. Be2 c5 16. Rfd1 Rc8 17. dxc5 Bxf3 18. Bxf3 Nxc5 19. Qe3 Qe7 20. Rac1 Rc7
21. f5 Rfc8 22. h3 h6 23. fxe6 Nxe6 24. Rxc7 Rxc7 25. Rb1 Nf8 26. Qxe7 Rxe7 27.
a4 g6 28. a5 Ne6 29. g3 Kg7 30. Kg2 Rc7 31. a6 Nc5 32. Be2 Kf6 33. h4 Ke5 34.
Rb8 h5 35. Ra8 Kd6 36. Bb5 Ne6 37. Be2 Nc5 38. Bb5 Ne6 39. Be2 1/2-1/2